000 00288nam a2200121Ia 4500
005 20260326100025.0
008 260326s9999||||xx |||||||||||||| ||und||
100 _aACSA
245 0 _aArchitectural Education Awards /
_cACSA
260 _bACSA
650 _aARQUITECTURA-GENERAL
942 _cBK
999 _c6359
_d6359